Tom Clancys Rainbow Six Siege - Map Quiz - Statistics

General Stats
  • This quiz has been taken 211 times
  • The average score is 11 of 16
Answer Stats
Picture Answer % Correct
Chalet
99%
Border
95%
Presidential Plane
95%
Theme Park
95%
Lair
94%
Consulate
89%
Yacht
86%
Stadium
85%
Tower
85%
Favela
71%
Fortress
69%
Hereford Base
51%
Bartlett U
40%
Close Quarter
17%
Fort Truth
8%
Neighborhood
1%
No matching quizzes found
Score Distribution
Percent of People with Each Score
Percentile by Number Answered
Your Score History
You have not taken this quiz